| 000 | 01218nam a22003137a 4500 | ||
|---|---|---|---|
| 001 | 339 | ||
| 003 | FISKH | ||
| 005 | 20251114095638.0 | ||
| 008 | 230327b cb ||||| |||| 00| 0 eng d | ||
| 040 |
_aDLC _cDLC _dDLC _dFISKH _beng |
||
| 042 | _alcac | ||
| 050 | 0 | 0 |
_aPZ7.R8886 _bDr 1998 |
| 082 | 0 | 0 |
_a813.54 _221 |
| 100 | 1 | _aRupp, Rebecca. | |
| 245 | 1 | 4 |
_aThe dragon of Lonely Island / _cRebecca Rupp. |
| 250 | _aFirst Scholastic printing, December 2005. | ||
| 260 |
_aNew York : _bScholastic. _c2005. |
||
| 300 |
_a160 pages ; _c20 cm. |
||
| 520 | _aThree children spend the summer with their mother on a secluded island where they discover a three-headed dragon living in a cave and learn what it means to be a Dragon Friend. | ||
| 521 | 8 |
_a710
_bLexile |
|
| 521 | 8 |
_aM
_bRaz-Plus |
|
| 650 | 1 |
_aDragons _xFiction. |
|
| 650 | 1 |
_aSiblings _xFiction. |
|
| 650 | 1 |
_aIslands _xFiction. |
|
| 856 | 4 | 2 |
_3Contributor biographical information _uhttp://www.loc.gov/catdir/enhancements/fy0601/97047759-b.html |
| 856 | 4 | 2 |
_3Publisher description _uhttp://www.loc.gov/catdir/enhancements/fy0601/97047759-d.html |
| 856 | 4 | 1 |
_3Sample text _uhttp://www.loc.gov/catdir/enhancements/fy0601/97047759-s.html |
| 942 |
_2ddc _cBK _n0 |
||
| 999 |
_c339 _d339 |
||